Elektrické merania ... pre 2. a 3. roč. posl. Elektrotech. fakulty SVŠT ... 2

Bibliographic Details
Main Authors: Gyárfáš, Juraj, 1923- (Author), Gonda, Pavel (Author)
Format: Book
Language:Slovak
PhysicalDescription:212, [1] s. 4°
Published: Bratislava Slovenské vydavateľstvo technickej literatúry 1963
Edition:2. vyd.
Series:Dočasné vysokoškolské učebnice zv. 681
Subjects:

MARC

LEADER 00000cam a2200000 a 4500
001 vtls008326525
003 SK-MaSNL
005 20260301020352.0
008 240509s1963 xo da f np 000 0 slo
015 |a SNBA1970/06-01252 
035 |a SK01SNK19700018742 
035 |a SKM000021205 
040 |a SNK  |b slo  |c SNK  |e AACR2 
041 0 |a slo 
044 |a xo  |c SK 
080 |a 621.317(075.8)  |2 1981 
100 1 |a Gyárfáš, Juraj,  |d 1923-  |4 aut  |9 210009 
245 1 0 |a Elektrické merania  |n 2  |b ... pre 2. a 3. roč. posl. Elektrotech. fakulty SVŠT ...  |c autori: Juraj Gyárfáš, Pavel Gonda 
250 |a 2. vyd. 
260 |a Bratislava  |b Slovenské vydavateľstvo technickej literatúry  |c 1963  |e Bratislava  |f Západoslovenské tlačiarne 42 
300 |a 212, [1] s.  |c 4° 
490 0 |a Dočasné vysokoškolské učebnice  |v zv. 681 
500 |a Ilustr. Zoznam. lit. Grafy. Schémy 
563 |a 600 výtl. 
650 0 7 |a meranie elektrické  |2 SNK  |9 307666 
655 7 |a Textbooks (higher)  |2 SNKPHeng  |9 276436 
655 7 |a učebnice vysokých škôl  |2 SNKPH  |9 70191 
655 7 |a učebnice  |2 SNKPH  |9 22521 
700 1 |a Gonda, Pavel  |4 aut  |9 7799 
710 2 |a Slovenská vysoká škola technická v Bratislave  |4 pbl  |9 124617 
810 2 |a Slovenská vysoká škola technická v Bratislave  |t Dočasné vysokoškolské učebnice  |9 307667 
958 |a OND 
958 |a RM 
958 |a UV 
958 |a NB 
958 |a RK 
999 |c 562829  |d 564759 
952 |a SNK  |b SNK  |y PREZ  |7 0  |p 17A0808379  |o snkSB 16076/2  |i snkKSP 5325/70  |0 0  |1 0  |4 0  |d 2015-01-28  |l 0  |r 2026-02-23 13:48:06  |w 2026-02-23 
952 |a SNK  |b SNK  |y PREZ  |7 0  |o snkSB 16076/2 D1  |i snkKSP 5326/70  |0 0  |1 0  |4 0  |d 2015-01-28  |l 0  |r 2026-02-23 13:48:06  |w 2026-02-23